Leadership: (Record no. 38071)

MARC details
000 -LEADER
fixed length control field 00414nam a22001097a 4500
008 - FIXED-LENGTH DATA ELEMENTS--GENERAL INFORMATION
fixed length control field 110316t xxu||||| |||| 00| 0 eng d
050 ## - LIBRARY OF CONGRESS CALL NUMBER
Classification number BF637
Item number .L48 1996
245 ## - TITLE STATEMENT
Title Leadership:
Remainder of title making human strength productive unit 3 power/
Statement of responsibility, etc by The Center for Organizational Excellence at Eastern College
300 ## - PHYSICAL DESCRIPTION
Extent 33 p. ;
Dimensions 28 cm.
710 ## - ADDED ENTRY--CORPORATE NAME
Corporate name or jurisdiction name as entry element The Center for Organizational Excellence at Eastern College
942 ## - ADDED ENTRY ELEMENTS (KOHA)
Source of classification or shelving scheme Library of Congress Classification
Item type Book

No items available.